Engineering mechanics of deformable bodies

Gorde:
Xehetasun bibliografikoak
Egile nagusia: Byars, Edward Ford
Formatua: Liburua
Hizkuntza:English
Argitaratua: Scranton Pa. : International Textbook, 1969.
Gaiak:
Etiketak: Etiketa erantsi
Etiketarik gabe, Izan zaitez lehena erregistro honi etiketa jartzen!

MARC

LEADER 00000nam a2200000Ia 4500
003 000299
005 20221231144007.0
008 140114s1969 us a 000 ||eng d
040 |c cru CEDI 
082 |a 620.112 B993e2 
100 |a Byars, Edward Ford  |9 19638 
245 |a Engineering mechanics of deformable bodies  
260 |a Scranton Pa. : International Textbook,   |c 1969. 
300 |a 444 páginas : ilustraciones ; 24 cm 
651 |x RESISTENCIA DE MATERIALES  |9 19639 
942 |2 ddc  |c BK 
999 |c 15325  |d 15325